00469nam a22001337a 4500020001800000040000900018082001500027100002600042110004900068245007400117250001600191260004200207650008600249 a9788131710265 cNUST a004.16 MAZ aMazidi, Muhammad Ali  aMazidi, Janice Gillispie McKinlay, Rolin D.  aThe 8051 Microcontroller and Embedded Systems: bUsing Assembly and C a2nd Edition aNew Dehli:bPearson Education,c2013. aTEXTBOOKS MTS. THE 8051 MICROCONTROLLER AND EMBEDDED SYSTEMS USING ASSEMBLY AND C